00496nam a2200193 a 4500001001300000003000900013005001700022008004100039020001000080082001300090100001800103245003200121260005000153300000900203500003500212505001000247650002700257700001800284nice12345678IN_TiNIC20260116011633.0050524s1912 cama grp 000 0 eng  ac10000a184bFUL aFuller, B A G aProblem of Evil in Plotinus aCambridge bCambridge University Press c1912 a336p aincludes index and biblioraphy2 aIndex aGood and Evil-Plotinus1 aFuller, B A G